<?xml version="1.0" encoding="UTF-8"?>
<record
    xmlns:xsi="http://www.w3.org/2001/XMLSchema-instance"
    xsi:schemaLocation="http://www.loc.gov/MARC21/slim http://www.loc.gov/standards/marcxml/schema/MARC21slim.xsd"
    xmlns="http://www.loc.gov/MARC21/slim">

  <leader>00554nam a2200193 a 4500</leader>
  <controlfield tag="001">BRCA_6831</controlfield>
  <controlfield tag="005">20190320205617.0</controlfield>
  <controlfield tag="008">081111s1905----gw-a######---#000-0#ger-#</controlfield>
  <datafield tag="050" ind1=" " ind2="4">
    <subfield code="a">PT2642</subfield>
    <subfield code="b">.H58 A77</subfield>
    <subfield code="c">1905</subfield>
  </datafield>
  <datafield tag="245" ind1="1" ind2="0">
    <subfield code="a">Assesor Karlchen</subfield>
    <subfield code="b">und andere Geschichten</subfield>
    <subfield code="c">Ludwig Thoma.</subfield>
  </datafield>
  <datafield tag="260" ind1=" " ind2=" ">
    <subfield code="a">M&#xFA;nich, Alemania</subfield>
    <subfield code="b">Albert Langen</subfield>
    <subfield code="c">[1905]</subfield>
  </datafield>
  <datafield tag="300" ind1=" " ind2=" ">
    <subfield code="a">160 p.</subfield>
    <subfield code="b">il.</subfield>
    <subfield code="c">15 cm.</subfield>
  </datafield>
  <datafield tag="440" ind1=" " ind2="0">
    <subfield code="a">Kleine Bibliothek Langen</subfield>
    <subfield code="p">34</subfield>
    <subfield code="9">17033</subfield>
  </datafield>
  <datafield tag="500" ind1=" " ind2=" ">
    <subfield code="a">O17</subfield>
  </datafield>
  <datafield tag="610" ind1="2" ind2="4">
    <subfield code="a">Thoma, Ludwig</subfield>
    <subfield code="9">17034</subfield>
  </datafield>
  <datafield tag="650" ind1="1" ind2="4">
    <subfield code="a">Literatura Alemana</subfield>
    <subfield code="9">6160</subfield>
  </datafield>
  <datafield tag="902" ind1=" " ind2=" ">
    <subfield code="a">GFM</subfield>
  </datafield>
  <datafield tag="942" ind1=" " ind2=" ">
    <subfield code="2">lcc</subfield>
    <subfield code="c">B</subfield>
  </datafield>
  <datafield tag="999" ind1=" " ind2=" ">
    <subfield code="c">6514</subfield>
    <subfield code="d">6514</subfield>
  </datafield>
  <datafield tag="952" ind1=" " ind2=" ">
    <subfield code="0">0</subfield>
    <subfield code="1">0</subfield>
    <subfield code="4">0</subfield>
    <subfield code="7">0</subfield>
    <subfield code="a">BRCA</subfield>
    <subfield code="b">BRCA</subfield>
    <subfield code="d">2011-11-08</subfield>
    <subfield code="i">O17</subfield>
    <subfield code="l">0</subfield>
    <subfield code="o">PT2642 .H58 A77 1905 (O17)</subfield>
    <subfield code="p">7279</subfield>
    <subfield code="r">2019-03-22 00:00:00</subfield>
    <subfield code="w">2019-03-22</subfield>
    <subfield code="y">B</subfield>
  </datafield>
</record>
